El dónde, cuándo y cómo del origen del hombre /

A lo largo de la historia de la humanidad el problema del origen del hombre ha sido una de las cuestiones más fascinantes del conocimiento humano. Las respuestas que ha dado la ciencia han ido cambiando con el tiempo y muchos interrogantes se han ido develando. Pero...¿el hombre viene del mono o es...

Descripción completa

Guardado en:
Autor Principal: Ramírez Rozzi, Fernando.
Otros Autores: Rodríguez, Didi; il.
Formato: Libro
Idioma:Undetermined
Publicado: Buenos Aires : Colihue, 2005.
Edición:1a ed. 1a reimp.
Series:Panichelli, Carlos; il.
Materias:
Etiquetas: Agregar Etiqueta
Sin Etiquetas, Sea el primero en etiquetar este registro!
LEADER 01628nam a22002295a 4500
001 CEM.cems020963
008 240326s2005####ag############000#0#und#d
005 20240327183007.0
245 1 0 |a El dónde, cuándo y cómo del origen del hombre /  |c Fernando Ramírez Rozzi ; ilustrado por Didi Rodríguez y Carlos Panichelli. 
250 |a 1a ed. 1a reimp. 
260 |a Buenos Aires :  |b Colihue,  |c 2005. 
300 |a 152 p. 
490 1 |a Sin careta 
505 0 |a ¿El hombre viene del mono? -- El dónde del origen del hombre -- El cuándo del origen del hombre -- El por qué y cómo de la evolución de los homínidos -- De los primeros hombres al hombre moderno -- Preguntas sueltas en relación al todo -- Epílogo -- Galería de personajes -- A modo de cronología -- Para saber más -- ¿Qué se hace en Argentina? -- Noticias del autor 
520 |a A lo largo de la historia de la humanidad el problema del origen del hombre ha sido una de las cuestiones más fascinantes del conocimiento humano. Las respuestas que ha dado la ciencia han ido cambiando con el tiempo y muchos interrogantes se han ido develando. Pero...¿el hombre viene del mono o es un mono más? ¿Quiénes fueron nuestros ancestros? ¿Es cierto que existieron distintas especies de hombres? ¿Dónde y cuándo apareció el hombre por primera vez? ¿Cómo será el hombre del futuro? 
020 |a 9505816790 
100 1 |a Ramírez Rozzi, Fernando. 
700 1 |a Rodríguez, Didi; il. 
830 0 |a Panichelli, Carlos; il. 
653 |a Evolución del hombre 
653 |a Origen del hombre 
859 |a CEMS  |b BIB. CEMS - Inicial y Primaria  |h 576.8  |i R145  |k IP  |p 1748  |t Ej.1